000
00329nam a2200133Ia 4500
005
20251222141944.0
008
251222s9999||||xx |||||||||||||| ||spa||
082
_a
251.9/S21
100
_a
Sanz Burata, Luis
245
0
_a
Devocionario de los Jóvenes de Acción Católica
250
_a
3a.ed.
264
_b
Vilamala
942
_c
LIB
999
_c
9455
_d
9455